000 01685nam a2200361 i 4500
001 000044697
003 DO-SdBNP
005 20260520104829.0
007 ta
008 141218s2014 dr a 000 0 spa d
020 _a9789945416527
040 _aDO-SdBNP
_bspa
_cBNPHU
_erda
041 _aspa
082 4 _a972.9304
_bV335m
_222
100 1 _aVásquez Frías, Pastor,
_d1967-
_eautor
_978240
_4aut.
245 1 0 _aMisiones Dominicanas en Haití :
_bprimeras misiones 1866-1876 /
_cPastor Vásquez.
264 _aSanto Domingo :
_bSomos Artes Gráficas,
_c2014.
300 _a2 volúmenes :
_bilustraciones ;
_c23 cm.
336 _atexto
_btxt
_2rdacontent
337 _asin mediación
_bnc
_2rdamedia
338 _avolumen
_bnc
_2rdacarrier
500 _aIncluye datos biográficos del autor en la contracubierta
504 _aIncluye referencias bibliográficas y notas al pie de las páginas
504 _aBibliografías: páginas 257-265
505 _gv.1
_tPrimeras misiones 1866-1876
_gv.2
_tEl general Luperón, Partido Azul y los gobiernos haitianos (1877-1887)
520 _aHistoria de las misiones diplomáticas dominicanas en Haití entre 1866 y 1887. Revela las continuas relaciones entre ambos países y los fuertes vínculos entre sus historias.
650 _aServicio diplomático y consular, República Dominicana.
_989586
650 _aServicio diplomático y consular haitiano.
_989587
651 7 _a República Dominicana
_x Relaciones exteriores
_z Haití
_x Historia
_y Siglo XIX.
_989588
651 7 _aHaití
_xRelaciones exteriores
_zRepública Dominicana
_xHistoria
_ySiglo XIX
_989589
910 _aValidado. Control de calidad MFF
942 _2ddc
_cLBS1
999 _c44186
_d44186